=LDR 00000nam 2200000 4500 =001 INLIS000000000010880 =005 20130612102504 =008 ***********************************Ind** =035 ##$$0010-061300000010880 =041 ##$$a Ind =082 ##$$a 345.01 =090 ##$$a 345.01, Nga s =100 ##$$a Ngaini, Nico =245 ##$$a Sinema hukum pidana (asas, acara, poidana I, pidana II), Drs. Nico Ngani S.H =260 ##$$a 1984 $b Yogyakarta =300 ##$$a VIII-! =850 ##$$a NBPNMAT